All names of Astana - Statistics

General Stats
  • This quiz has been taken 26 times
  • The average score is 3 of 5
Answer Stats
Timespan Name % Correct
1998-2019; 2022-now Astana
100%
2019-2022 Nur-Sultan
96%
1992-1998 Akmola**
22%
1824-1961 Akmolinsk*
17%
1961-1992 Tselinograd
17%
No matching quizzes found
Score Distribution
Percent of People with Each Score
Percentile by Number Answered
Your Score History
You have not taken this quiz